Statistics for Saudi Arabia Country Quiz

Click here to take the quiz!

General Stats

  • This quiz has been taken 16,573 times
    (12,777 since last reset)
  • The average score is 14 of 24

Answer Stats

Hint Answer % Correct
Holiest cityMecca
95%
State religionSunni Islam
94%
Official languageArabic
90%
Top exportOil
90%
Capital cityRiyadh
88%
It was illegal for women to do this
(until 2017)
Drive
79%
Bordering seas and gulfs{Red} Sea
78%
Bordering seas and gulfs{Persian} Gulf
74%
2nd holiestMedina
73%
What appears on the Saudi flag
(besides writing)
Sword
67%
Largest animalCamel
67%
Most-used method of executionBeheading
66%
The consititution is officially
this document
Qur'an
57%
Royal familyAl Saud
50%
West coast portJeddah
49%
He lost citizenship in 1994Osama bin Laden
39%
Fundamentalist brand of aboveWahhabism
36%
Previous monarch (died 2015)Abdullah
36%
Nomadic ethnic groupBedouin
35%
CurrencySaudi Riyal
27%
Current monarchSalman
23%
Most profitable companySaudi Aramco
18%
East coast portDammam
18%
Bordering seas and gulfsGulf of {Aqaba}
12%

Score Distribution

Percentile by Number Answered

Percent of People with Each Score

Your Score History

You have not taken this quiz since the last reset